Larousse dictionnaire du francais contemporain Larousse Special Enseignement
Сохранить в:
| Главный автор: | |
|---|---|
| Формат: | |
| Язык: | Undetermined |
| Опубликовано: |
Paris
Librairie Larousse
1971
|
| Предметы: | |
| Метки: |
Добавить метку
Нет меток, Требуется 1-ая метка записи!
|
| Thư viện lưu trữ: | Trung tâm Học liệu Trường Đại học Cần Thơ |
|---|
| LEADER | 00543nam a2200181Ia 4500 | ||
|---|---|---|---|
| 001 | CTU_514 | ||
| 008 | 210402s9999 xx 000 0 und d | ||
| 082 | |a 443 | ||
| 082 | |b L332 | ||
| 100 | |a Jean Dubois | ||
| 245 | 0 | |a Larousse dictionnaire du francais contemporain | |
| 245 | 0 | |b Larousse Special Enseignement | |
| 245 | 0 | |c Jean Dubois, Georges Niobey, Renes Lagane | |
| 260 | |a Paris | ||
| 260 | |b Librairie Larousse | ||
| 260 | |c 1971 | ||
| 650 | |a french language - dictionaries | ||
| 980 | |a Trung tâm Học liệu Trường Đại học Cần Thơ | ||